000 00467nam a2200169Ia 4500
005 20250317123823.0
008 008 250317s9999 xx 000 0 eng d
037 _aTextbook
040 _aFMSL
_beng
_cFMSL
041 _aeng
_2eng
084 _aX:74 Q2
_qFMSL
100 _aLevitt T
_9739555
245 0 _aPartners for good
260 _aUnited Kingdom
_bUnited Kingdom, Gower
_c2012
942 _cTB
_hX:74 Q2
999 _c1252882
_d1252882